Library Banner

Attitude (Record no. 14162)

MARC details
000 -LEADER
fixed length control field 00489nam a2200193Ia 4500
001 - CONTROL NUMBER
control field 13493
008 - FIXED-LENGTH DATA ELEMENTS--GENERAL INFORMATION
fixed length control field 140402s9999 xx 000 0 und d
020 ## - INTERNATIONAL STANDARD BOOK NUMBER
International Standard Book Number 1-56052-011-6
040 ## - CATALOGING SOURCE
Transcribing agency PK-LaUMT
082 ## - DEWEY DECIMAL CLASSIFICATION NUMBER
Classification number 158.1
Item number CHA-A
100 ## - MAIN ENTRY--PERSONAL NAME
Personal name Chapman, Elwood N.
245 ## - TITLE STATEMENT
Title Attitude
Remainder of title your most priceless possession
Statement of responsibility, etc Chapman, Elwood N.
250 ## - EDITION STATEMENT
Edition statement 2nd
260 ## - PUBLICATION, DISTRIBUTION, ETC. (IMPRINT)
Place of publication, distribution, etc Los Altos,USA:
Name of publisher, distributor, etc CRISP Puboications,
Date of publication, distribution, etc 1990
300 ## - PHYSICAL DESCRIPTION
Extent 72 p.
546 ## - LANGUAGE NOTE
Language note EN
650 ## - SUBJECT ADDED ENTRY--TOPICAL TERM
Topical term or geographic name as entry element Self-esteem
942 ## - ADDED ENTRY ELEMENTS (KOHA)
Koha item type Books
Holdings
Withdrawn status Lost status Source of classification or shelving scheme Damaged status Not for loan Home library Current library Date acquired Total Checkouts Full call number Barcode Date last seen Price effective from Koha item type Checked out Date checked out
    Dewey Decimal Classification     UMT Main Campus UMT Main Campus 2014-04-02   158.1 CHA-A 15244 2014-04-21 2014-04-21 Books    
    Dewey Decimal Classification     UMT Main Campus UMT Main Campus 2014-06-09 1 158.1 CHA-A 35056 2019-12-16 2014-06-09 Books 2019-12-30 2019-12-16